Größte Städte in Schweden • A-Ö - Statistiken

Allgemein
  • Dieses Quiz wurde 175 mal gespielt
  • Das Durchschnittsergebnis liegt bei 8 aus 23
Antwortstatistiken
# Pop. Stadt % Korrekt
S 851,155 Stockholm
99%
M 293,909 Malmö
97%
G 516,532 Göteborg
92%
U 140,454 Uppsala
79%
J 89,396 Jönköping
60%
Ö 107,038 Örebro
60%
N 83,561 Norrköping
58%
H 97,122 Helsingborg
51%
L 97,428 Linköping
51%
Y 17,286 Ystad
38%
V 110,877 Västerås
36%
K 61,685 Karlstad
31%
F 36,447 Falun
29%
E 60,185 Eskilstuna
23%
B 63,441 Borås
22%
P 22,650 Piteå
5%
A 38,509 Alingsås
4%
Å 9,380 Åmål
3%
Ä 38,222 Ängelholm
3%
O 17,258 Oskarshamn
3%
D 8,819 Djursholm
1%
R 11,767 Ronneby
1%
T 61,272 Täby
1%
Keine übereinstimmenden Quizze gefunden
Verteilung der Resultate
Anzahl Personen mit jedem Resultat
Perzentil nach korrekt beantworteten Fragen
Ihre Resultats-Entwicklung
Sie haben dieses Quiz noch nicht gespielt